Countries on the Equator - Statistics

General Stats
  • This quiz has been taken 7 times
  • The average score is 8 of 13
Answer Stats
Hint Country % Correct
Amazonas, Roraima, Pará, Amapá (passing slightly south of the city center of the state capital Macapá, and precisely at the Marco Zero monument and the Avenue Equatorial). Brazil
83%
Passing 24 km (15 mi) north of central Quito, near Mitad del Mundo, and precisely at the location of Catequilla, a pre-Columbian ruin. Also, Isabela Island in the Galápagos Islands. Ecuador
83%
Passing 4.3 km (2.7 mi) north of the border with Peru. Colombia
67%
Passing 9 km (5.6 mi) south of central Butembo. DR Congo
67%
Bornean provinces of West Kalimantan (passing through province capital Pontianak), Central Kalimantan, and East Kalimantan etc. Indonesia
67%
Passing 6 km (3.7 mi) north of central Kisumu. Kenya
67%
Passing south of Jamame. Somalia
67%
Passing through the town of Makoua. Congo
50%
Passing between Aranuka and Nonouti atolls. Kiribati
50%
Passing between Huvadhu Atoll and Fuvahmulah. Maldives
50%
Passing through Pestana Equador resort on the Ilhéu das Rolas. São Tomé and Príncipe
50%
Passing 32 km (20 mi) south of central Kampala. Uganda
50%
Passing 8.9 km (5.5 mi) south of Ayem, 10.6 km (6.6 mi) north of Mayene, Booue. Gabon
33%
No matching quizzes found
Score Distribution
Percent of People with Each Score
Percentile by Number Answered
Your Score History
You have not taken this quiz